Objektivita ako bazálny predpoklad realizácie podnikateľskej analýzy

Na to, aby bola podnikateľská analýza vykonaná správne, mala by spĺňať určité zásady. Jednou zo základných zásad podnikateľskej analýzy, ale i analýzy všeobecne, je zásada objektívnosti. V praxi sa však mnohokrát stretávamie so situáciou, že výsledky analýzy sú viac či menej skreslené, a to z dôvodu...

Descripción completa

Guardado en:
Detalles Bibliográficos
Autor principal: Levický, Michal
Otros Autores: Gajdová, Denisa, 1977-
Formato: Capítulo de libro
Lenguaje:eslovaco
Materias:
Etiquetas: Agregar Etiqueta
Sin Etiquetas, Sea el primero en etiquetar este registro!

MARC

LEADER 00000naa a2200000 4500
001 0241308
005 20240502073928.9
041 0 |a slo 
044 |a SK 
245 1 0 |a Objektivita ako bazálny predpoklad realizácie podnikateľskej analýzy  |c Michal Levický, Denisa Gajdová 
520 |a Na to, aby bola podnikateľská analýza vykonaná správne, mala by spĺňať určité zásady. Jednou zo základných zásad podnikateľskej analýzy, ale i analýzy všeobecne, je zásada objektívnosti. V praxi sa však mnohokrát stretávamie so situáciou, že výsledky analýzy sú viac či menej skreslené, a to z dôvodu, že v niektorej z častí vykonávaného rozboru bola otázka objektivity podcenená. Analýza je vykonávaná vždy s určitým cieľom. Obvykle má poskytnúť informácie, ktoré majú následne slúžiť ako vstup do rozhodovacieho procesu. Ak sa jedná o rozhodovanie strategického charakteru, podcenenie zásady objektívnosti môže mať za následok vznik nepriaznivých zmien v dlhodobom horizonte 
610 2 0 |a analýzy 
610 2 0 |a prostredie podnikateľské 
610 2 0 |a procesy rozhodovacie 
610 2 0 |a rady časové 
610 2 0 |a pojmy 
100 1 |a Levický, Michal 
700 1 |a Gajdová, Denisa, 1977-